000 00394nam a22001577a 4500
005 20200915161947.0
008 200915b xxu||||| |||| 00| 0 eng d
020 _a81-318-01291-1
041 _aeng
100 _aRAJPUT, R. K.
_93270
245 _aTHARMAL SCIENCE AND ENGINEERING
260 _aNEW DELHI
_bLAXMI PUBLICATION
_c2011
300 _a524;p
650 _aengineeng
_96325
942 _cBK
999 _c7431
_d7429